Absolute victory. (Record no. 12578)

000 -LEADER
fixed length control field 00663nam a2200193 a 4500
001 - CONTROL NUMBER
control field :::00010385$&:&@@
003 - CONTROL NUMBER IDENTIFIER
control field OkBaRHE
005 - DATE AND TIME OF LATEST TRANSACTION
control field 20000607103358.0
008 - FIXED-LENGTH DATA ELEMENTS--GENERAL INFORMATION
fixed length control field s1982 j 000 0 eng u
040 ## - CATALOGING SOURCE
Transcribing agency
100 1# - MAIN ENTRY--PERSONAL NAME
Personal name Daugherty, Billy Joe.
245 10 - TITLE STATEMENT
Title Absolute victory.
260 ## - PUBLICATION, DISTRIBUTION, ETC. (IMPRINT)
Place of publication, distribution, etc Tulsa, OK., :
Name of publisher, distributor, etc Daugherty Ministries
Date of publication, distribution, etc c1982
300 ## - PHYSICAL DESCRIPTION
Extent 64 p.
650 ## - SUBJECT ADDED ENTRY--TOPICAL TERM
Topical term or geographic name as entry element Christian Life
942 ## - ADDED ENTRY ELEMENTS (KOHA)
Source of classification or shelving scheme
Koha item type Books
Copies
Source of classification or shelving scheme Current Location Copy number Date last seen Date acquired Barcode Lost status Total Renewals Withdrawn status Damaged status Full call number Date checked out Permanent Location Shelving location Koha item type Total Checkouts Price effective from Not for loan
  22010-04-142010-04-1421337    BV 4501 .D3 RHEMA Bible Training CollegeGeneral StacksBooks 2010-04-14 
 RHEMA Bible Training College12010-05-142010-04-1410385 3  BV 4501 .D32010-04-17RHEMA Bible Training CollegeGeneral StacksBooks12010-04-14